| 000 | 00435nam a22001217a 4500 | ||
|---|---|---|---|
| 082 | _a220 PRO | ||
| 100 |
_aNC Sana Riaz PC Sobia Farooq _973022 |
||
| 245 | _aPR-SOF-1901-Customized Power Supply for Li-Ion Version of Pag Belt | ||
| 260 |
_aISLAMABAD _bENUST COLLEGE OF EM _c2020 |
||
| 650 | _aDE-COMP-38 | ||
| 700 |
_aProject Supervisor: Col. Dr. Aqib Perwaiz Co-Supervisors: Dr. Muwahida Liaquat Dr. Taosif Iqbal _973023 |
||
| 942 | _cCR | ||
| 999 |
_c578920 _d578920 |
||